000 00301nam a2200121Ia 4500
008 240731s9999 xx 000 0 und d
022 _a1743-8764
245 0 _aContemporary Security Policy
260 _bRoutledge
856 _uhttps://www.tandfonline.com/loi/fcsp20
942 _2ddc
942 _cTFEJ
999 _c76068
_d76068
945 _a1
_bMadushi Gamage
_c1
_dMadushi Gamage